| 000 | 00722nas a2200265 4500 | ||
|---|---|---|---|
| 001 | BR9201124 | ||
| 003 | BR-BrBNA | ||
| 005 | 20231205092344.0 | ||
| 007 | ta | ||
| 008 | 230509b bl.|||p| |||| 00| 00por d | ||
| 040 |
_aBR-BrBNA _bpor _cBiblioteca Nacional de Agricultura |
||
| 041 | _a(Pt) | ||
| 072 | _aL01 | ||
| 100 | 1 | _aAlmeida, G.L.G. de | |
| 245 | 1 | _aComo obter maior numero de bezerros | |
| 650 | _aBEZERRO | ||
| 650 | _aCRIACAO | ||
| 650 | _aHIGIENE VETERINARIA | ||
| 650 | _aIMUNIZACAO | ||
| 650 | _aCONTROLE CULTURAL | ||
| 650 | _aPRATICO | ||
| 773 | 0 |
_tCerrado (Brazil) _xISSN 0100-0578 _g(Jun 1973), v. 5(20) p. 7-8 _wBR9201124 |
|
| 909 |
_a202311 _bLúcia _c55 _dLúcia Elande |
||
| 942 |
_2AGRIS _n0 _cANA |
||
| 999 |
_c131149 _d131149 |
||